000
00346 a2200169 4500
001
175137
020
_a
85-00-001-09-7
040
_c
Magnum
100
_a
Dore, Helen
240
1
0
_a
A arte dos retratos
_l
por
245
1
0
_a
A arte dos retratos
300
_a
79
362
0
_a
1996
440
1
_a
Ediouro
697
_a
FOTOGRAFIAS
942
_c
BK
999
_c
175137
_d
175137